|
|
|
|
| LEADER |
00000cam a2200000 7i4500 |
| 001 |
0000001451 |
| 005 |
20010628.0 |
| 020 |
0 |
0 |
|a 9280710370
|
| 090 |
0 |
0 |
|a 676.1
|b ENV 1981
|
| 245 |
0 |
0 |
|a ENVIRONMENTAL management in the pulp and paper industry
|
| 260 |
0 |
0 |
|a [Paris] :
|b Industry & Environment Office, United Nations Environment Programme ,
|c 1981
|
| 300 |
|
|
|a 2 v. :
|b ill. ;
|c 29 cm.
|
| 440 |
0 |
0 |
|a UNEP Industry & Environment manual series ; n. 1
|
| 500 |
0 |
0 |
|a Includes bibliographical references
|
| 650 |
0 |
0 |
|a Environmental management
|
| 650 |
0 |
0 |
|a Paper industry
|x Environmental aspects
|
| 650 |
0 |
0 |
|a Wood-pulp industry
|x Environmental aspects
|
| 710 |
1 |
1 |
|a United Nations Environment Programme. Industry & Environment Office
|
| 998 |
|
|
|a JPSM
|
| 999 |
|
|
|a 0000002444
|b Monograph
|c Open Shelf
|e Default branch
|
| 999 |
|
|
|a 0000002445
|b Monograph
|c Open Shelf
|e Default branch
|
| 999 |
|
|
|a 0000004707
|b Monograph
|c Open Shelf
|e Default branch
|